Spectrometers have become basic tools on the production line.

Uplatnenie spektrometrov vo výrobe a vodítko na výber typu spektrometra podľa jej požiadavkov.

Guardado en:
Detalles Bibliográficos
Autor principal: Duke, S.
Formato: Capítulo de libro
Lenguaje:inglés
Materias:
Etiquetas: Agregar Etiqueta
Sin Etiquetas, Sea el primero en etiquetar este registro!

MARC

LEADER 00000naa a2200000 4500
001 r006270
005 20221213084459.3
041 0 |a eng 
044 |a US 
245 1 0 |a Spectrometers have become basic tools on the production line.  |c S. Duke 
520 |a Uplatnenie spektrometrov vo výrobe a vodítko na výber typu spektrometra podľa jej požiadavkov. 
610 2 0 |a spektrometre 
610 2 0 |a proces výrobný 
610 2 0 |a kontrola kvality 
100 1 |a Duke, S.